000 00878nam a2200229 i 4500
001 75840
003 ES-MaACL
005 20250809090346.0
007 t|
008 040928s1930 fr f |||| | fre d
100 1 _aGrave, Jean.
_959773
245 1 3 _aLe mouvement libertaire sous la 3e République
_b: (souvenirs d'un révolté) /
_cJean Grave.
260 _aParis :
_bLes Oeuvres Représentatives,
_c[1930] (
_fNever Georger Celestin)
300 _a304 p., [16] p. de lám. ;
_c13 cm.
530 _aDisponible en formato digital.
650 4 _aAnarquismo-
_zFrancia.
_99796
651 4 _aFrancia-
_xHistoria-
_y1870-1940, III República
_98697
852 _aES-MaACL
_jB-5854
_cSPB
_zRevisado enlace: 23de julio de 2025
856 4 _uhttps://archive.org/details/sc_0000938829_00000001704143/page/n5
_y(Internet Archive)
942 _2udc
999 _c75840
_d75840